00359cam a22001097a 4500008004000000082002000040100001800060245010000078260002400178300001000202650003700212180718b1988 xxu||||| |||| 00| 0 eng d aY1182x5442 Sa83 aSatpute, T.G. aIrrigation management in command area: a study of Jayakwadi irrigation projectcby T.G. Satpute aDelhibMittalc1988 a175p. aIrrigation - India - Maharashtra